000 02000nam a22002897a 4500
003 OSt
005 20260422103141.0
008 260422b |||||||| |||| 00| 0 eng d
020 _a9789587672589
037 _bDonación
040 _aCO-JMCR
_bspa
_cCO-JMCR
_dCO-JMCR
_erda
041 0 _aspa
082 0 4 _a344.861
_bC81l
100 1 _aCortés González, Juan Carlos,
_eautor
_923641
245 1 0 _aLey estatutaria de salud :
_bComentarios a la ley 1751 de 2015 /
_cJuan Carlos Cortés González
250 _aPrimera
264 _aBogotá :
_bLegis,
_c2015
300 _a256 páginas :
_c24 cm.
500 _aIncluye biografía
505 2 _aConceptos de salud -- Concepto, características y alcances de las leyes estatutarias -- Sentencia T-760 de la Corte Constitucional -- Proyecto de Ley Estatutaria de Salud -- Trámite de la Ley Estatutaria de Salud -- Trámite de la Ley Estatutaria de Salud -- Revisión previa por parte de la Corte Constitucional -- Características y apreciaciones sobre la Ley Estatutaria de Salud -- Consideraciones particulares sobre el alcance de la Ley 1751 de 2015
520 3 _aLa presente obra expone y analiza los antecedentes, el trámite, las características y los alcances de la Ley 1751 de 2015, Estatutaria de la Salud en Colombia, a la vez que realiza la revisión y articulación de su texto con la jurisprudencia de la Corte Constitucional y con otras normas, de tal manera que aporta al lector los elementos de juicio suficientes para conocer los cambios introducidos y por ejecutarse en el sistema de salud, con motivo de la adopción de este nuevo estatuto, el primero en el campo de los derechos sociales.
630 1 7 _aLey 1751 de 2015
_x Crítica textual.
_2BLAAUTO
_944623
650 2 7 _aSistema Nacional de Salud
_xLegislación
_y2015
_2JMCR
_z Colombia
_944624
650 7 _aServicios de salud
_xLegislación
_zColombia
_y2015
_2JMCR
_944625
650 7 _aDerecho a la salud
_xLegislación
_y2015
_2JMCR
_z Colombia
_944626
942 _2ddc
_cBK
999 _c31178
_d17562